000 06008nam a2200529 a 4500
001 dia_6376
003 CHAP
005 20240812095836.0
007 ta
008 220117s2016 mx abdofrm 001 0 spa d
010 _a177764
040 _amxchpua
_cCHAP
041 0 _aspa
_beng
090 _aTesis
_bM37
_c2016
100 1 _aMarín Peralta, Alejandra Iraís
240 1 0 _aStudy of precooling methods for small fruit and vegetable growers in west Virginia, USA.
_lEspañol
245 1 0 _aPropuesta de métodos de preenfriamiento de frutas y hortalizas para pequeños productores de Virginia Occidental, EUA. /
_cAlejandra Irais Marín Peralta
264 _aChapingo, México :
_bEl autor,
_c2016
300 _axii, 88 hojas :
_bilustraciones, tablas, gráficas, mapas, fotos +
_e1 CD-ROM
336 _2rdacontent
_atexto
_btxt
337 _2rdamedia
_ano mediado
_bn
338 _2rdacarrier
_avolumen
_bnc
502 _aInforme de Estancia Preprofesional
_b(Ingeniero Agroindustrial) --
_cUACh. Departamento de Ingeniería Agroindustrial,
_d2016
504 _aBiblografía: hojas 75-79
520 3 _aEl trabajo de estancia preprofesional consistió en identificar las necesidades de preenfriamiento de frutas y hortalizas para los agricultores que forman parte del programa piloto "Capacidad de recursos frigoríficos y asistencia técnica para pequeños productores y productores urbanos en Virginia Occidental" de la Universidad Estatal de Virginia Occidental (West Virginia State University). Este paso es importante para diseñar métodos de preenfriamiento para productos hortofrutícolas los cuales incrementen su calidad y comercialización. Se encuestaron 16 productores agrícolas del centro-sur del estado para extraer información respecto a manejo postcosecha: tipos de productos, épocas de cosecha, índices de producción, horarios de cosecha, métodos de preenfriamiento, métodos y condiciones de almacenamiento, duración de almacenamiento y distribución de sus productos. Se recibieron 9 encuestas con datos completos: Hudson Farms, John Bombardiere, Tyler Creek Farms, McDowell County Farm, Sweetland, Brabham Family, Bennet y Sunset Farms. Se clasificaron en tres tamaños: pequeño, mediano y grande, lo cual permitió que se propusieran métodos de preenfriamiento para cada grupo. Para los productores pequeños con una producción máxima de 500 kg semanales, se propone la utilización de un sistema de preenfriamiento portacooler, con medidas de 1.5 m x 1.5 m x 1.0 m, con refrigeración mediante un evaporador de 880 W (3000 BTU/h) y una unidad condensadora Bohn de 186 W (1/4 HP). Para los productores medianos y grandes con producciones de hasta 2000 kg semanales, se recomendó una cámara de refrigeración con medidas de 2.0 m x 2.5 m x 2.0 m con un evaporador de 1524 W (5200 BTU/h) y una unidad condensadora Bohn de 373 W (1/2 HP). La implementación de estos métodos de preenfriamiento en el sitio de cosecha, permitiría un mejor control de las variables fisiológicas de estos productos, las cuales incluyen una reducción en las tasas de respiración y disminución de la acción enzimática. Esto a su vez se reflejaría en la prolongación de la vida de anaquel y un mejoramiento en general de su calidad.
520 3 _aThe main purpose of this study was to unveil the precooling needs of small growers in southern West Virginia who are part of an ongoing project at West Virginia State University, entitled: "Building capacity of cold storage resources and technical assistance for small and urban farms in West Virginia". This step is important for the entire project as it provides key preliminary information and the basis for proposing different precooling methods for these growers' agricultural products. Surveys were prepared to extract information about their crops, peak harvest, production size, harvest dates, precooling methods, storage methods and conditions, and storage and product distribution. All 16 growers, comprising the pilot program, participated in this survey. Nine surveys came back with complete answers. Based on the information received, growers were grouped in three size categories to further determine precooling strategies: small, medium and large. Based on these results, the following are proposed strategies for precooling. For small growers producing no more than 500 kg weekly, the precooling system Portacooler, sizes 1.5 m x 1.5 m x 1.0 m, using an evaporator of 880 W (3000 BTU/h) and a condensing unit Bohn of 373 W (1/4 HP) was recommendable. For medium and large size growers producing no more than 2000 kg weekly, the room cooling option with a size of 2.0 x 2.5 x 2.0 m, using an evaporative system of 1524 W (5200 BTU/h) and a condensing unit Bohn of 373 W (1/2 HP) was the recommended option. If implemented on site, these precooling methods would allow growers to better control the physiological aspects of their crops during postharvest, including respiration rates and enzymatic actions which will in turn translate into longer shelf life and overall product quality.
650 1 3 _aFrutos
_2atg
650 1 3 _aIniciativa empresarial
_xEstados Unidos
_xVirginia
_2atg
650 1 3 _aPreenfriamiento
_2atg
650 1 3 _aPreservación de alimentos
_2atg
650 1 3 _aTratamiento postcosecha
_2atg
650 1 3 _aVerduras
_2atg
650 1 3 _aVegetables
_2atg
650 1 3 _aEntrepreneurship
_xUnited States
_xVirginia
_2atg
650 1 3 _aFood preservation
_2atg
650 1 3 _aPostharvest treatment
_2atg
650 1 3 _aFruits
_2atg
650 1 3 _aPrecooling
_2atg
700 1 _aCovarrubias Gutiérrez, Ignacio
_edirector
700 1 _aSuárez Espinosa, Carlos
_easesor
700 1 _aToledo Gaytán, José Ulises
_easesor
856 _uhttp://10.13.5.2/tesis/sist113010.pdf
_yDESCARGAR PDF
901 _aTesis M37 2016
902 _aM
905 _a5232272016 MX NMDL8223123322SPA16
942 _cTESIS
_2Clasificación Universidad Autónoma Chapingo
999 _c177764
_d177764